Star Wars Sequel Trilogy Decoder - Statistics

General Stats
  • This quiz has been taken 47 times
  • The average score is 7 of 25
Answer Stats
Hint Answer % Correct
S Military Base with the power of destroying entire star systems Starkiller
76%
D Company that has distributed these three movies Disney
59%
H General of the First Order that hates Kylo Ren Hux
59%
A Surname of the director of films VII and IX Abrams
53%
I Surname of Poe Dameron's actor Isaac
50%
E "The galaxy has heard a mysterious broadcast, a threat of REVENGE in the sinister voice of the late..." Emperor Palpatine
47%
E Hidden world of the Sith (*) Exegol
47%
O Region of the galaxy where Crait, D'Qar and other planets lay Outer Rim
47%
T Planet where the last scene of the third movie takes place Tatooine
47%
E According to Finn, "where the last war ended". Endor
38%
P Cute sea-dwelling birds that live with Luke Skywalker during his exile Porgs
35%
M Pirate queen that used to live in a castle in Takodana, portrayed by Lupita Nyong'o Maz Kanata
32%
W Pyramidal artifact that point the way to (*) Wayfinder
29%
A Oceanic planet where Luke Skywalker hid for several years Ahch-To
21%
T Where the Ancient Jedi Texts where hidden, Yoda's ghosts sent a lightning strike to it. Tree library
21%
L New name of the Star Wars Expanded Universe that happens in another time continuity Legends
18%
U Junk boss from Jakku called the Blobfish that obtained Rey when her parents left her Unkar Plutt
15%
O Assassin that found his death in Pasaana while carrying a Sith dagger Ochi
12%
P Rose Tico's sister that died after her bomber succeeded in helping the Resistance in the Battle of D'Qar Paige Tico
12%
N Rey "People keep telling me they know me. I'm afraid..." "...no one does"
6%
R Star cruiser used by the Resistance that Admiral Holdo put to light at lightspeed to destroy the First Order's fleet Raddus
6%
R Luke's X-Wing that Rey used to fly and fight the final battle of the saga Red Five
6%
"Somehow Palpatine returned"
3%
E Freighter piloted Han Solo and Chewbacca after losing the Millennium Falcon Eravana
0%
N Alliterative resistance General portrayed by the same actor as in his first appearance in the Return of the Jedi Nien Nunb
0%
No matching quizzes found
Score Distribution
Percent of People with Each Score
Percentile by Number Answered
Your Score History
You have not taken this quiz